| 000 | 00634pam a2200193 a 4500 | ||
|---|---|---|---|
| 020 | _a052132517X | ||
| 020 | _a0521310423 (pbk.) | ||
| 040 | _cDLC | ||
| 082 | 0 | 0 | _a512 CAM 1989 A059 Or. |
| 100 | 1 | _aHamilton, A. G., | |
| 245 | 1 | 0 |
_aLinear algebra : _ban introduction with concurrent examples / |
| 260 |
_aCambridge ; _aNew York : _bCambridge University Press, _c1989. |
||
| 300 |
_aviii, 328 p. : _bill. ; _c24 cm. |
||
| 500 | _aIncludes index. | ||
| 650 | 0 | _aAlgebras, Linear. | |
| 856 | 4 | 2 | _uhttp://www.loc.gov/catdir/description/cam023/88031177.html |
| 856 | 4 | 1 | _uhttp://www.loc.gov/catdir/toc/cam027/88031177.html |
| 942 | _cEK | ||
| 999 |
_c14281 _d14281 |
||